Vũ Trọng Phụng hôm qua và hôm nay

Gespeichert in:
Bibliographische Detailangaben
Format: Buch
Sprache:Undetermined
Veröffentlicht: Tp. HCM Nxb. Tp. HCM 1992
Schlagworte:
Tags: Tag hinzufügen
Keine Tags, Fügen Sie den ersten Tag hinzu!
Thư viện lưu trữ: Trung tâm Học liệu Trường Đại học Cần Thơ
LEADER 00446nam a2200145Ia 4500
001 CTU_8798
008 210402s9999 xx 000 0 und d
082 |a 801.953 
082 |b V500t 
245 0 |a Vũ Trọng Phụng hôm qua và hôm nay 
260 |a Tp. HCM 
260 |b Nxb. Tp. HCM 
260 |c 1992 
650 |a fiction - men authors,vietnamese fiction - history and criticism 
980 |a Trung tâm Học liệu Trường Đại học Cần Thơ